| 000 | 01655nam a22004217c 4500 | ||
|---|---|---|---|
| 001 | 59623 | ||
| 003 | CO-BoRNBP | ||
| 005 | 20251024152611.0 | ||
| 007 | ta | ||
| 008 | 250203b2025 ck a|||g |||| 00| j mul d | ||
| 020 | _a9786287774056 | ||
| 040 |
_aCO-BoRNBP _bspa _erda _cCO-BoRNBP |
||
| 041 | 1 |
_aspa _asai |
|
| 043 | _as-ck--- | ||
| 084 | _aC | ||
| 100 |
_aBotero Marulanda, Daniela, _eaut _966087 |
||
| 245 | 1 | 3 |
_aLa yuca me enseñó a bailar : _bJuzitofe zaiyana kue yofuete / _cDaniela Botero Marulanda y Heidi Marie Ayarbe ; ilustrado por Francy Silva Zafirekudo ; traducción de Ginel Dokoe Gimaido. |
| 250 | _aEdición especial | ||
| 264 | 1 |
_aBogotá, Colombia : _bICANH, _c2025 |
|
| 300 |
_a44 páginas sin numerar : _bilustraciones a color |
||
| 336 |
_atexto _btxt _2rdacontenido |
||
| 337 |
_asin mediación _bn _2rdamedio |
||
| 338 |
_avolumen _bnc _2rdasoporte |
||
| 500 | _aIncluye glosario | ||
| 520 | _aUna niña murui-muina del Amazonas aprende el baile traidcional zikii acompañando a su abuela en la cosecha y preparación de la yuca | ||
| 521 | _aRecomendado para un público mayor de 18 años | ||
| 534 | _tmurui-muina | ||
| 546 | _aTexto en español y huitoto (lengua indígena) | ||
| 650 | 0 | 7 |
_aIdentidad cultural en la literatura _2lemb _9690 |
| 650 | 0 | 7 |
_aTradición oral en la literatura _2lemb _960480 |
| 650 | 0 | 7 |
_aWitotos en la literatura _2lemb _966088 |
| 650 | 0 | 4 |
_aCuentos colombianos _2LEMB |
| 650 | 0 | 4 |
_aLiteratura colombiana _2LEMB _91068 |
| 700 |
_aAyarbe, Heidi Marie _eaut _966089 |
||
| 700 |
_aDokoe Gimaido, Ginel _etrl _966090 |
||
| 700 |
_aSilva Zafirekudo, Francy _eill _966091 |
||
| 942 |
_2loc _cBKLIT |
||
| 999 |
_c59623 _d59623 |
||